000 00761nam a2200229 4500
001 133399
003 ES-MaACL
005 20250822041626.0
007 t|
008 070214s1968 sp r ||||1| spa d
080 _a159.9:331
100 1 _aRuessel, Arnulf.
_9100537
245 1 0 _aPsicología del trabajo /
_cArnulf Rüssel ; versión española y prólogo por el Dr. Alfonso Álvarez Villar.
260 _aMadrid :
_bMorata,
_c1968.
300 _a382 p. :
_bil. ;
_c24 cm.
490 1 _aFilosofía, psicología, pedagogía
650 7 _aPsicología industrial
_2embne
_9148242
700 1 _aAlvarez Villar, Alfonso.
_920998
830 1 0 _aFilosofía, psicología, pedagogía
_9181408
852 4 _aES-MaACL
_jG-5582
999 _c133399
_d133399